Регионална библиотека "Любен Каравелов" - Русе

Свирепия 7 - Тюлени Алфа (Запис номер 24210)

MARC детайли
000 -Лидер
Контролно поле с фиксирана дължина 01385nam a2200325 c 4500
003 - Код на организацията, давaща контролен номер
Контролно поле BLK
005 - Дата и час на последна редакция
Контролно поле 20230331162453.0
008 - Елементи от данни с фиксирана дължина
fixed length control field 180413b bul|||||r ||||||| ||bul||
010 ## - Наследен системен номер
LC control number KNG00026715000
020 ## - Международен стандартен номер на книга ISBN
Международен стандартен номер на книга ISBN 954-729-014-2
040 ## - Източник на каталожния запис
Идентификатор на билиотеката - собственик на записа BLK
041 ## - Код за език
Код за езика на текст/звукозапис или на отделно заглавие Български
Код за езика КДБФ Български
080 ## - УДК
Текстов определител УДК Американска литература (на САЩ)
УДК код - определител по УДК 821.111(73)
УДК определител -312.4
УДК - код + определител 821.111(73)-312.4
100 1# - Редна дума - Автор
Автор Марчинко, Ричард
Авторска отговорност първи автор
R(LIN) 93869
139 ## - Редно поле
Редна дума Марчинко, Ричард и др.
Авторски знак Марч - М 36
245 10 - Сведения за заглавието
Заглавие Свирепия 7 - Тюлени Алфа
Подзаглавни данни Криминнален роман
Редно поле (дума) Ричард Марчинко; съавт. Джон Вайсман; прев. от англ. Венцислав Тренев Градинаров.
257 ## - Страна на издаване
Страна на създаване/издаване Съединени американски щати
260 ## - Област на издателските данни
Място на издаване, разпространение и проч. София
Име на издателя, разпространителя и проч. Атика
Година на издаване 1998
Издателство - префикс ISBN 954-729-014-2.
300 ## - Физическа характеристика
Страници 335 с.
Размери/Мащаб 21 см
380 ## - Жанр
Жанр Худож. лит.
490 ## - СЕРИИ (Колекции)
Име на серия Поредица Международни бестселъри Crime Mystery
9 (RLIN) 201189
500 ## - Общи забележки
Забележка Ориг. загл. Rogue warrior seal force alpha / Richard Marcinko, John Weisman. - Речник на термините.
700 1# - Други автори (авторска отговорност)
Лично име Вайсман, Джон
Автороска отговорност (Описва отношението между автора и произведението) съавт.
9 (RLIN) 244521
700 1# - Други автори (авторска отговорност)
Лично име Градинаров, Венцислав Тренев
Автороска отговорност (Описва отношението между автора и произведението) прев. от англ.
9 (RLIN) 243054
852 ## - Местоположение
Форматна сигнатура Цб 171804
Фондова буква Хранилище
856 4# - Електронен адрес и достъп
Електронен формат pdf - файл
Път до файла /url/
Инструкция (цена за достъп) 0.00
Права за достъп disable
856 4# - Електронен адрес и достъп
Електронен формат pdf - файл
Път до файла /url/
Инструкция (цена за достъп) 0.00
Права за достъп disable
999 ## - СИСТЕМНИ КОНТРОЛНИ НОМЕРА
Koha biblionumber 24210
Koha biblioitemnumber 24210
942 ## - АРТИКУЛИ
Вид на библиотечния материал Книги
Скрит в OPAC Не
Периодичен библиозапис Да
944 ## - СЪЗДАВАНЕ И РЕДАКЦИЯ на ЗАПИСА
Създаване/Редакция Създаване
Дата на регистрацията/редакция 15.01.2003
Служител, извършил регистрацията/редакцията Цветанка_Енчева
944 ## - СЪЗДАВАНЕ И РЕДАКЦИЯ на ЗАПИСА
Създаване/Редакция Редакция
Дата на регистрацията/редакция 16.05.2005
999 ## - СИСТЕМНИ КОНТРОЛНИ НОМЕРА
Koha biblioitemnumber 24210
999 ## - СИСТЕМНИ КОНТРОЛНИ НОМЕРА
Koha biblioitemnumber 24210
Наличности
Код за отписване Код за изгубен артикул Източник на класификационната схема Код за повреда Коз за рестрикции Код за отдаване Артикулен № Име на библиотеката - собственик Име на библиотеката, в която се намира в момента Статус (Текущо местоположение) Дата на вписване в системата Местоположение - отдел Цена в лева Инвентарен номер Систематично азбучна сигнатура Баркод Номер на екземпляра Цена в евро Служебна бележка Служебен тип на артикула
  Не е изгубен Universal Decimal Classification Не е повреден без рестрикции ползва се в читалня 39975 Регионална библиотека "Любен Каравелов" Русе Регионална библиотека "Любен Каравелов" Русе Хранилище 2001-01-01 Хранилище 5.00 647026 Цб 171804 120000647026 1 2.56 Дост: Dp Вид: Д N: стар фонд Дата: 01.01.2001 Книги
Vip Innovations Ltd, Rousse, Bulgaria 2025